[Event "FICGS class E 000026 email"]
[Site "FICGS email"]
[Date "2006.12.21"]
[Round "1"]
[White "Abs da Cruz, Andre"]
[Black "Kis Kos, Laszlo"]
[Result "0-1"]
[WhiteElo "1400"]
[BlackElo "1200"]
[PlyCount "26"]
[EventDate "2006.??.??"]
[EventType "tourn (corr)"]
[EventRounds "5"]
[SourceTitle "Corr 2022"]
[Source "ChessBase"]
[SourceDate "2021.10.24"]
[SourceVersion "1"]
[SourceVersionDate "2021.10.24"]
[SourceQuality "1"]

1. d4 d5 2. c4 e6 3. cxd5 exd5 4. Nc3 Nf6 5. Nf3 Bb4 6. e3 0-0 7. Ne5 c5 8. Bd3 Nc6 9. Qf3 cxd4 10. exd4 Nxd4 11. Qg3 Qe7 12. Bh6 Nh5 13. Qg4 Bxg4 0-1

[Event "FICGS rapid B 000028 email"]
[Site "FICGS email"]
[Date "2006.12.17"]
[Round "1"]
[White "Abs da Cruz, Andre"]
[Black "Mueller, Robert"]
[Result "0-1"]
[WhiteElo "1400"]
[BlackElo "1700"]
[PlyCount "32"]
[EventDate "2006.??.??"]
[EventType "tourn (rapid)"]
[EventRounds "6"]
[SourceTitle "Corr 2022"]
[Source "ChessBase"]
[SourceDate "2021.10.24"]
[SourceVersion "1"]
[SourceVersionDate "2021.10.24"]
[SourceQuality "1"]

1. d4 Nf6 2. c4 g6 3. Nc3 Bg7 4. Nf3 d5 5. e3 0-0 6. cxd5 Nxd5 7. Bc4 Nb6 8. Qb3 Nxc4 9. Qxc4 b6 10. e4 Ba6 11. Qb3 c5 12. Be3 cxd4 13. Bg5 dxc3 14. bxc3 Qd3 15. Nd4 Bxd4 16. cxd4 Qe2# 0-1

[Event "IECC M-5294"]
[Site "IECC email"]
[Date "2005.08.03"]
[Round "?"]
[White "Abs da Cruz, Andre"]
[Black "Pizzoni, Richard"]
[Result "1-0"]
[WhiteElo "1200"]
[BlackElo "1170"]
[PlyCount "31"]
[EventDate "2005.??.??"]
[EventType "tourn (corr)"]
[EventRounds "10"]
[SourceTitle "Corr 2008"]
[Source "ChessBase"]
[SourceDate "2008.06.24"]
[SourceVersion "1"]
[SourceVersionDate "2008.06.24"]
[SourceQuality "1"]

1. d4 Nf6 2. c4 e6 3. Nc3 Bb4 4. e3 d5 5. Nf3 0-0 6. cxd5 exd5 7. g3 Bf5 8. Bg2 Ne4 9. Bd2 Na6 10. 0-0 Qc8 11. Nxd5 Nxd2 12. Nxd2 Bd3 13. Re1 c5 14. Ne7+ Kh8 15. Nxc8 Raxc8 16. Bxb7 1-0